เปลี่ยนเป็นภาษาไทย

Change to English
 แสดงรายละเอียดบรรณานุกรม
  กลับหน้าหลัก

Brief Record : Get Marc (ISO 2709) : E-mail record : QR code ปิดหน้าต่าง
LEADER 00000nam 2200000uu 4500
001    17652
003     ULIBM
008    020711s2542 th a 000 0 tha d
020    974-7980-31-2
060    WG100
100    สันต์ ใจยอดศิลป์
245    ตำราการดูแลผู้ป่วยวิกฟติโรคหัวใจ
250    พิมพ์ครั้งที่ 2
260     ^bบริษัท พิมพ์สวย จำกัด,^c2542
300    290 หน้า
รายการนี้ยังไม่มีแท็ก
คุณยังไม่ได้ล็อกอิน คุณสามารถมีกิจกรรมร่วมกับเว็บไซต์ได้ แต่ต้องล็อกอินก่อน ::
  ล็อกอิน
ลำดับที่ ประเภท เลขเรียก/บาร์โค้ด สถานที่ สถานะ
1. หนังสือ
หนังสือ
WG100 2542  
  Barcode: 0003006
หนังสือทั่วไป On Shelf
   [แสดง 1/1 รายการ]

BibComment


ยังไม่เคยถูกคอมเมนท์

คอมเมนท์ทรัพยากรรายการนี้
  คอมเมนท์: ตำราการดูแลผู้ป่ว..
Bib 17652


 Union Library Management : ULibM
Copyright 2026. All Rights Reserved.